| 000 | 01328nam2a2200265 4500 | ||
|---|---|---|---|
| 001 | RU\NLR\BIBL_A\010298451 | ||
| 005 | 20250614031508.0 | ||
| 021 |
_aRU _b2014-5809 _9360 |
||
| 035 | _a(NLR Aleph) 010298451 | ||
| 090 |
_a10581050 _c10581050 |
||
| 100 | _a20121029d2014 |||y0rusy50 ca | ||
| 101 | 1 |
_arus _cheb |
|
| 102 | _aRU | ||
| 105 | _ay|||z 001yy | ||
| 200 | 1 |
_aБерешит раба _e[в 2 т. _fподгот. Ин-том пер. евр. текстов] |
|
| 210 |
_d2014 _aБ. м. |
||
| 215 | _a876, [2] с. | ||
| 300 | _aВ конце кн. в макете подзаг.: в 8 т. | ||
| 320 | _aБиблиогр.: с. 787-790 и в подстроч. примеч. | ||
| 320 | _aБиблиогр. указ. в конце кн. | ||
| 461 | 0 |
_1001RU\NLR\bibl\1960952 _12000#$aМидраш раба$e(великий мидраш)$e[в 10 т.]$fИн-т перевода евр. текстов$gпер. с иврита Яакова Синичкина, Анны Членовой$gпод ред., [коммент.] Реувена Кипервассера$vТ. 2 _93681451 _cМосква _d2012 _fИн-т перевода евр. текстов _nЛехаим _o(великий мидраш) : [в 10 т.] _tМидраш раба _vТ. 2 |
|
| 942 | _cBOOK | ||
| 980 | _aNB | ||